Koncepčný návrh kabíny nakladača VALET 150 – návrh ergonomického rozmiestnenia ovládacích prvkov, posúdenie bezpečnostných požiadaviek

Salvato in:
Dettagli Bibliografici
Autore principale: Ježík, Matej (Autore)
Altri autori: Gulan, Ladislav (Relatore della tesi)
Natura: Manoscritto Libro
Lingua:slovacco
Pubblicazione: 2024
Soggetti:
Accesso online:http://is.stuba.sk/zp/portal_zp.pl?podrobnosti=179179
Tags: Aggiungi Tag
Nessun Tag, puoi essere il primo ad aggiungerne!!

MARC

LEADER 00000ntm a22000003a 4500
001 stuzp99353
003 SK-STU
005 20240615211405.2
007 ta
008 150427s2015----xo-----f-mn---000-0-slo-d
040 |a STU  |b slo 
041 0 |a slo 
100 1 |a Ježík, Matej  |u 020030  |4 aut  |U SjF Strojnícka fakulta  |T SjF Ústav automobilového inžinierstva a konštruovania  |X 103970  |U J0030  |Y 806  |7 103970 
242 0 1 |a Conceptual design of the cabin of the VALET 150 loader - design of the ergonomic layout of control elements, assessment of safety requirements  |y eng 
245 1 0 |a Koncepčný návrh kabíny nakladača VALET 150 – návrh ergonomického rozmiestnenia ovládacích prvkov, posúdenie bezpečnostných požiadaviek 
260 |c 2024 
650 4 |a nakladač  |2 slo 
650 4 |a kabína  |2 slo 
650 4 |a normy  |2 slo 
650 4 |a konštruovanie  |2 slo 
650 4 |a CATIA V5  |2 slo 
650 4 |a bezpečnosť  |2 slo 
650 4 |a loader  |2 eng 
650 4 |a cabin  |2 eng 
650 4 |a safety  |2 eng 
650 4 |a standards  |2 eng 
650 4 |a machine building  |2 eng 
650 4 |a CATIA V5  |2 eng 
700 1 |a Gulan, Ladislav  |u 020030  |k Z1  |4 ths  |U SjF Strojnícka fakulta  |T SjF Ústav automobilového inžinierstva a konštruovania  |X 2356  |U J0030  |Y 806  |7 A000002356 
856 4 |u http://is.stuba.sk/zp/portal_zp.pl?podrobnosti=179179